L'Orne en images - Statistiques

Statistiques générales
  • Ce quiz a été pris 130 fois
  • Le résultat moyen est 8 sur 18
Statistiques - réponses
Par images Hint Réponse % Correct
Chanteur Orelsan
94%
Fromage Camembert de Normandie
88%
Préfecture Alençon
84%
Chanteur Daniel Balavoine
73%
Spécialité culinaire Boudin noir de Mortagne
71%
Haras Haras du Pin
61%
Ville Argentan
56%
Région Naturelle Perche
54%
Homme Politique Gérard Larcher
49%
Cathédrale Cathédrale Notre Dame de Sées
43%
Alcool Poiré
40%
Biscuiterie Lonlay l'Abbaye
35%
Ville Domfront
29%
Ville L'Aigle
25%
Contre Révolutionnaire Charlotte Corday
19%
Fleuve Dives
10%
Dernière opération de cette bataille Bataille de Normandie
4%
Nageur Logan Fontaine
3%
Aucun quiz correspondant
Distribution des résultats
% des personnes avec chaque résultat
Percentile par nombre de réponses
Votre historique - résultats
Vous n’avez pas pris ce quiz